The psychology of intelligence / (Record no. 29757)
[ view plain ]
| 000 -LEADER | |
|---|---|
| fixed length control field | 00955cam a22002891 4500 |
| 001 - CONTROL NUMBER | |
| control field | 29757 |
| 003 - CONTROL NUMBER IDENTIFIER | |
| rucl marc code | BD-RjUL |
| 005 - DATE AND TIME OF LATEST TRANSACTION | |
| control field | 20211209051444.0 |
| 008 - FIXED-LENGTH DATA ELEMENTS--GENERAL INFORMATION | |
| fixed length control field | 140407r1951 enk b 001 0 eng d |
| 035 ## - SYSTEM CONTROL NUMBER | |
| System control number | (BD-RjUL)29842 |
| 040 ## - CATALOGING SOURCE | |
| Original cataloging agency | DLC |
| Transcribing agency | DLC |
| Modifying agency | DLC |
| -- | BD-RjUL |
| Language of cataloging | eng |
| 041 1# - LANGUAGE CODE | |
| Language code of text/sound track or separate title | engfre |
| 082 00 - DEWEY DECIMAL CLASSIFICATION NUMBER | |
| Classification number | 153.9 |
| Author mark and year | PIP 1951 |
| 100 1# - MAIN ENTRY--PERSONAL NAME | |
| Personal name | Piaget, Jean, |
| Dates associated with a name | 1896-1980. |
| 9 (RLIN) | 3700 |
| 245 14 - TITLE STATEMENT | |
| Title | The psychology of intelligence / |
| Statement of responsibility, etc. | Translated from the French by Malcolm Piercy and D. E. Berlyne |
| 260 ## - PUBLICATION, DISTRIBUTION, ETC. (IMPRINT) | |
| Place of publication, distribution, etc. | London : |
| Name of publisher, distributor, etc. | Routledge & Paul, |
| Date of publication, distribution, etc. | 1950 [Reprinted 1951] |
| 300 ## - PHYSICAL DESCRIPTION | |
| Pagination | viii, 182 p. ; |
| Size | 23 cm. |
| 504 ## - BIBLIOGRAPHY, ETC. NOTE | |
| Bibliography, etc | Bibliography: p. 174-176. and Index |
| 650 #0 - SUBJECT ADDED ENTRY--TOPICAL TERM | |
| Topical term or geographic name as entry element | Intellect. |
| 9 (RLIN) | 395 |
| 700 ## - ADDED ENTRY--PERSONAL NAME | |
| Personal name | Malcolm Piercy |
| Personal name | D. E. Berlyne |
| 942 ## - ADDED ENTRY ELEMENTS (KOHA) | |
| Source of classification or shelving scheme | Dewey Decimal Classification |
| Koha item type | Books |
| Lost status | Source of classification or shelving scheme | Damaged status | Not for loan | Collection code | Permanent Location | Current Location | Shelving location | Date acquired | Source of acquisition | Cost, normal purchase price | Total Checkouts | Full call number | Date last seen | Copy number | Koha item type |
|---|---|---|---|---|---|---|---|---|---|---|---|---|---|---|---|
| Dewey Decimal Classification | Added to bundle | Non-fiction | Central Library, University of Rajshahi | Central Library, University of Rajshahi | Reading Room | 07/02/1956 | U.B.D.Rajshahi | 10.00 | 153.9 PIP 1951 | 07/04/2014 | C-1 | Books |